000 00576cam a2200217 a 4500
001 2349295
005 20180131073615.0
008 830111s1983 nyua b 001 0 eng
010 _a 83000371
020 _a038790820X
040 _aDLC
_cDLC
_dDLC
041 _aeng
080 _a001.434 BRA
082 0 0 _a001.434 BRA
_219
100 1 _a28
101 _aSHK
245 1 2 _aA guide to simulation /
_cPaul Bratley, Bennett L. Fox, Linus E. Schrage.
504 _aBibliography: p. [363]-374.
906 _a7
_bcbc
_corignew
_d1
_eocip
_f19
_gy-gencatlg
942 _2ddc
_cBK
999 _c41383
_d41383